Purification, characterization and clinical application of a membrane bound oxalate oxidase from leaves of Bougainvillea glabra (Record no. 125632)

MARC details
000 -LEADER
fixed length control field 00431nam a2200145Ia 4500
008 - FIXED-LENGTH DATA ELEMENTS--GENERAL INFORMATION
fixed length control field 230917s9999||||xx |||||||||||||| ||und||
040 ## - CATALOGING SOURCE
-- 210865
Original cataloging agency VIVEKANANDA LIBRARY
041 ## - Language
-- English
082 ## - DDC NUMBER
Classification number 583.53 D137P
100 ## - MAIN ENTRY--PERSONAL NAME
Personal name Dahiya, Tulika
245 #0 - TITLE STATEMENT
Title Purification, characterization and clinical application of a membrane bound oxalate oxidase from leaves of Bougainvillea glabra
260 ## - PUBLICATION, DISTRIBUTION, ETC. (IMPRINT)
Date of publication, distribution, etc 2011
300 ## - PHYSICAL DESCRIPTION
Pages 250p p.
942 ## - ADDED ENTRY ELEMENTS (KOHA)
Koha item type Thesis
Holdings
Withdrawn status Lost status Damaged status Not for loan Location (home branch) Sublocation or collection (holding branch) Date acquired Koha issues (times borrowed) Koha full call number Accession No. Koha date last seen Koha item type
        VIVEKANANDA LIBRARY VIVEKANANDA LIBRARY 08/10/2013   583.53 D137P 221589 17/09/2023 Thesis
© Designed and Maintained by Vivekananda Library, MDU Rohtak